Las relaciones de distribución en las condiciones actuales de Cuba

Se analiza los procesos de distribución y redistribución que tienen lugar en la transición socialista y su funcionamiento en la sociedad cubana.

Збережено в:
Бібліографічні деталі
Автор: Vila Pérez, Olga Lourdes
Співавтор: e-libro, Corp
Інші автори: García Báez, Román (Режисер)
Формат: eКнига
Мова:Іспанська
Опубліковано: La Habana : Editorial Universitaria, 2012.
Предмети:
Онлайн доступ:https://elibro.unach.elogim.com/es/lc/unach/titulos/90511
Теги: Додати тег
Немає тегів, Будьте першим, хто поставить тег для цього запису!

MARC

LEADER 00000nam a2200000 a 4500
001 ELB90511
003 FlNmELB
006 m o d |
007 cr cn|||||||||
008 201201r2012 cu |||||s|||||||||||spa d
024 8 |z Tesis 
035 |a (MiAaPQ)EBC3201783 
035 |a (Au-PeEL)EBL3201783 
035 |a (CaPaEBR)ebr10592760 
035 |a (OCoLC)929370246 
040 |a FlNmELB  |b spa  |c FlNmELB 
050 4 |a HB71  |b V695 2012 
080 |a 33 
082 0 4 |a 330  |2 22 
100 1 |a Vila Pérez, Olga Lourdes. 
245 1 4 |a Las relaciones de distribución en las condiciones actuales de Cuba  |h [recurso electronico]  |c Olga Lourdes Vila Pérez. 
260 |a La Habana :  |b Editorial Universitaria,  |c 2012. 
300 |a 214 p. 
500 |a Tesis (doctorado) - Escuela Superior del Partido Comunista de Cuba "Ñico López". 
520 |a Se analiza los procesos de distribución y redistribución que tienen lugar en la transición socialista y su funcionamiento en la sociedad cubana. 
533 |a Recurso electrónico. Santa Fe, Arg.: e-libro, 2015. Disponible vía World Wide Web. El acceso puede estar limitado para las bibliotecas afiliadas a e-libro. 
650 4 |a Negocios y economía.  |x Comercio. 
650 4 |a Business and Economics.  |x Commerce. 
655 4 |a Libros electrónicos. 
700 1 |a García Báez, Román.  |4 drt 
710 2 |a e-libro, Corp. 
856 4 0 |u https://elibro.unach.elogim.com/es/lc/unach/titulos/90511